000 00630nam a22001457a 4500
020 _a978-83-80816-29-6
082 _a823
_bSHA/M
100 _aSHAKESPEAR, WILLIAM
245 _aTHE MERCHANT OF VENICE
260 _aNOIDA
_bMAPLE PRESS
_c2010
300 _a126
520 _aThe Merchant of Venice Summary. Antonio, an antisemitic merchant, takes a loan from the Jew Shylock to help his friend to court Portia. Antonio can't repay the loan, and without mercy, Shylock demands a pound of his flesh. The heiress Portia, now the wife of Antonio's friend, dresses as a lawyer and saves Antonio.
650 _aNOVEL
_zINDIA
942 _cBK
999 _c3921
_d3921